| 000 | 01131nam1a2200265 i 4500 | ||
|---|---|---|---|
| 001 | RU\NLR\BIBL_A\011892790 | ||
| 005 | 20260407045327.0 | ||
| 035 | _a(NLR Aleph) 011892790 | ||
| 090 |
_a10839995 _c10839995 |
||
| 100 | _a20181207g2018 u y0rusy50 ca | ||
| 101 | 0 |
_arus _aara |
|
| 102 | _aRU | ||
| 105 | _a||||j|||||||| | ||
| 200 | 1 |
_aПосланники всевышнего _eучебное пособие _e[для начальных и средних исламских учебных заведений] _fСовет муфтиев России, Московский исламский колледж |
|
| 210 |
_aМосква _cИсламская книга _d2018 |
||
| 215 | _d21 | ||
| 606 |
_aПророки мусульманские _jУчебные издания для средней школы _92207164 _3RU\NLR\AUTH\6601560362 |
||
| 686 | 2 | _aЭ38-3-025.74я72 | |
| 712 | 0 | 2 |
_4570 _aСовет муфтиев России _9534209 _3RU\NLR\AUTH\8810018189 |
| 852 |
_aNLR _j2018-3/32701 |
||
| 942 | _cBOOK | ||